000 01054nam a22003377a 4500
001 BR2014007310
003 BR-BrBNA
005 20230928104541.0
007 ta
008 230509b bl.||||| |||| 00| 0 por d
040 _aBR-BrBNA
_bpor
_cBiblioteca Nacional de Agricultura
041 _a(Por)
072 _aF02; F01; Q04
_b0950
090 _ 0950 BR2014007310
100 1 _aCuri, P.N.
110 1 _aUniversidade Federal de Lavras, MG (Brasil)
_0Tese (Doutorado)
245 1 _aEnraizamento de estacas, cobertura plástica e densidade de plantio na produção e qualidade das frutas da framboeseira 'Batum'
260 3 _aLavras, MG (Brasil):
_c2014.
300 _a96 p.
500 _aSummaries (Eng, Por); Several bibliography; 8 illus.; 7 tables
650 _aFRAMBOESA
650 _aFRUTA
650 _aVARIEDADE
650 _aENRAIZAMENTO DE ESTACA
650 _aPLASTICULTURA
650 _aDENSIDADE DE PLANTIO
650 _aQUALIDADE
650 _aPRODUÇÃO VEGETAL
909 _a202309
_bLucia
_c55
_dLucia Elande
942 _cBK
999 _c80531
_d80531